Cloud Computing (Record no. 6186)

MARC details
000 -LEADER
fixed length control field 00274nam a2200121Ia 4500
008 - FIXED-LENGTH DATA ELEMENTS--GENERAL INFORMATION
fixed length control field 191201s2014 xx 000 0 und d
100 ## - MAIN ENTRY--PERSONAL NAME
Personal name MILLER, Michael
245 #0 - TITLE STATEMENT
Title Cloud Computing
260 ## - PUBLICATION, DISTRIBUTION, ETC. (IMPRINT)
Place of publication, distribution, etc N. Delhi
Name of publisher, distributor, etc Pearson
Date of publication, distribution, etc 2014
300 ## - PHYSICAL DESCRIPTION
Extent 293
650 ## - SUBJECT ADDED ENTRY--TOPICAL TERM
Topical term or geographic name as entry element MCA
942 ## - ADDED ENTRY ELEMENTS (KOHA)
Source of classification or shelving scheme Dewey Decimal Classification
Koha item type Text Books
Holdings
Withdrawn status Lost status Source of classification or shelving scheme Damaged status Not for loan Collection code Home library Current library Date acquired Source of acquisition Cost, normal purchase price Bill Number Total Checkouts Full call number Acc. no. / Barcode Date last seen Date last borrowed Actual Cost, discounted price Bill Date Koha item type Checked out
    Dewey Decimal Classification     MCA PIET C-LIBRARY PIET C-LIBRARY 31/01/2015 KIRTI PRAKASHAN, NEW DELHI 499.00 IN2124 1 004.69 MIC 25188 04/05/2024 11/04/2024 334.33 22/01/2015 Text Books  
    Dewey Decimal Classification     Computer Science & Engineering in Cyber Security PIET C-LIBRARY PIET C-LIBRARY 21/07/2020 Kirti Prakashan 600.00 IN 3969 5 004.69 MIC 31280 06/02/2025 06/02/2025 408.00 24/05/2019 Text Books 25/08/2025
    Dewey Decimal Classification     Computer Science and Engineering in AI & Machine Learning PIET C-LIBRARY PIET C-LIBRARY 21/07/2020 Kirti Prakashan 600.00 IN 3969 1 004.69 MIC 31281 02/02/2021 02/02/2021 408.00 24/05/2019 Text Books 02/08/2021
    Dewey Decimal Classification     Computer Science and Engineering in AI & Machine Learning PIET C-LIBRARY PIET C-LIBRARY 21/07/2020 Kirti Prakashan 600.00 IN 3969 3 004.69 MIC 31282 06/02/2025 06/02/2025 408.00 24/05/2019 Text Books 25/08/2025

Design & Developed by: PIET Central Library
R70 Miles Stone Pattikalyana Samalkha Panipat 132102
mail ID :- [email protected], Phone No:- 0180-2569700 Ex.216